Statistics for Which City in Spain?

Click here to take the quiz!

General Stats

  • This quiz has been taken 8,519 times
    (8,505 since last reset)
  • The average score is 12 of 20

Answer Stats

Description Letter City % Correct
Capital cityMMadrid
100%
Largest city in CataloniaBBarcelona
100%
Capital of AndalusiaSSeville
89%
Paella originates from this city on the eastern coastVValencia
87%
Basque city home to a Guggenheim MuseumBBilbao
82%
Popular resort town/island in the Balearic IslandsIIbiza
77%
Where one can run with the bullsPPamplona
74%
Last Muslim city in Spain. Home to the Alhambra palaceGGranada
69%
Capital of Gran Canaria island(L)PLas Palmas
64%
Famous for bladed weapons. Namesake of a city in OhioTToledo
62%
Southernmost large city in Europe. Birthplace of PicassoMMálaga
61%
Where Portugal and Spain divided the world in 1529ZZaragoza
52%
Former capital of the caliphate of Al-Andalus, it was one of the
world's largest cities in 1000 A.D
CCórdoba
44%
Capital of Galicia. Pilgrims visit to see the shrine of St. JamesSSantiago de Compostela
43%
Autonomous exclaves on the Moroccan coastCCeuta
40%
Andalusian city renowned for its sherry wine and vinegarJJerez de la Frontera
36%
Capital and namesake of a former kingdom in northwest SpainLLeón
34%
Autonomous exclaves on the Moroccan coastMMelilla
32%
Capital of AsturiasOOviedo
30%
Home to the Tower of Hercules, a lighthouse built in the 2nd century(A)CA Coruña
28%

Score Distribution

Percentile by Number Answered

Percent of People with Each Score

Your Score History

You have not taken this quiz since the last reset